00322nam a2200109Ia 4500008004100000100003300041245005900074260003100133650002400164942000700188999001700195190216s9999||||xx |||||||||||||| ||und|| aVadakkumkoor Raja Raja Varma 0a"Keraleeya Samskritha Sahithya Charithram Vol 1,4,5,6" bMangalodhayam Publications aSahithya Charithram cBK c25026d25026